Регионална библиотека "Любен Каравелов" - Русе

Нашата планета (Запис номер 483998)

MARC детайли
000 -Лидер
Контролно поле с фиксирана дължина 01378nam a2200361 a 4500
003 - Код на организацията, давaща контролен номер
Контролно поле BLK
005 - Дата и час на последна редакция
Контролно поле 20250512112244.0
008 - Елементи от данни с фиксирана дължина
fixed length control field 180409b bul|||||r ||||||| ||bul||
010 ## - Наследен системен номер
LC control number KNG00123451000
020 ## - Международен стандартен номер на книга ISBN
Международен стандартен номер на книга ISBN 9789547714311
040 ## - Източник на каталожния запис
Идентификатор на билиотеката - собственик на записа BLK
041 ## - Код за език
Код за езика на текст/звукозапис или на отделно заглавие Български
Код за езика КДБФ Български
080 ## - УДК
УДК код - определител по УДК 502
УДК определител (02.053.2)
УДК - код + определител 502(02.053.2)
100 ## - Редна дума - Автор
Автор Уаймън, Мат
Авторска отговорност първи автор
R(LIN) 1299
139 ## - Редно поле
Редна дума Уаймън, Мат
Авторски знак Уаи - У 13
245 10 - Сведения за заглавието
Заглавие Нашата планета
Подзаглавни данни Мястото, което всички наричаме свой дом
Редно поле (дума) Мат Уаймън; предг. Дейвид Атънбъро; ил. Ричардж Джоунс; прев. Йордан Петров.
257 ## - Страна на издаване
Страна на създаване/издаване България
260 ## - Област на издателските данни
Място на издаване, разпространение и проч. София
Име на издателя, разпространителя и проч. Кръгозор
Година на издаване 2021
300 ## - Физическа характеристика
Страници 93 с.
Илюстрации и др. с цв. ил.
Размери/Мащаб 35 см
380 ## - Жанр
Жанр Детска отраслова лит.
500 ## - Общи забележки
Забележка Ориг. загл. : Our Planet / Matt Whyman.
650 #7 - Допълнително описание по предмет – тема
Основно описание – тема или топоним Природа - опазване
9 (RLIN) 167843
653 #7 - Ключова дума – ненормативна
Ключова дума Земя
9 (RLIN) 186978
659 ## - Тематичен бюлетин
Тематичен бюлетин Н
700 1# - Други автори (авторска отговорност)
Лично име Атънбъроу, Дейвид
Автороска отговорност (Описва отношението между автора и произведението) предг. от
9 (RLIN) 34784
700 1# - Други автори (авторска отговорност)
Лично име Петров, Йордан Петров
Автороска отговорност (Описва отношението между автора и произведението) прев.
9 (RLIN) 313181
700 ## - Други автори (авторска отговорност)
Лично име Джоунс, Ричард
Автороска отговорност (Описва отношението между автора и произведението) ил.
9 (RLIN) 599
856 4# - Електронен адрес и достъп
Електронен формат pdf - файл
Инструкция (цена за достъп) 0.00
Права за достъп disable
856 4# - Електронен адрес и достъп
Електронен формат pdf - файл
Инструкция (цена за достъп) 0.00
Права за достъп disable
999 ## - СИСТЕМНИ КОНТРОЛНИ НОМЕРА
Koha biblionumber 483998
Koha biblioitemnumber 483998
942 ## - АРТИКУЛИ
Вид на библиотечния материал Книги
Скрит в OPAC Не
Периодичен библиозапис Да
Koha issues (borrowed), all copies 33
944 ## - СЪЗДАВАНЕ И РЕДАКЦИЯ на ЗАПИСА
Дата на регистрацията/редакция 2022-12-05
Статус, дата на статуса Бояна Костадинова
Служител, извършил регистрацията/редакцията 30551
999 ## - СИСТЕМНИ КОНТРОЛНИ НОМЕРА
Koha biblioitemnumber 483998
Наличности
Код за отписване Код за изгубен артикул Източник на класификационната схема Код за повреда Коз за рестрикции Код за отдаване Артикулен № Име на библиотеката - собственик Име на библиотеката, в която се намира в момента Статус (Текущо местоположение) Дата на вписване в системата Местоположение - отдел Цена в лева Систематично азбучна сигнатура Баркод Цена в евро Служебен тип на артикула
  Не е изгубен Universal Decimal Classification Не е повреден без рестрикции заемане за дома 915297 Регионална библиотека "Любен Каравелов" Русе Регионална библиотека "Любен Каравелов" Русе Детски отдел 2022-12-05 Детски отдел 14.99 50/У 13 М 120000878949 7.66 Книги
  Не е изгубен Universal Decimal Classification Не е повреден без рестрикции заемане за дома 915298 Регионална библиотека "Любен Каравелов" Русе Регионална библиотека "Любен Каравелов" Русе Детски отдел 2022-12-05 Детски отдел 14.99 50/У 13 М 120000878950 7.66 Книги
Vip Innovations Ltd, Rousse, Bulgaria 2025